Digital India: Towards a connected nation (Record no. 518949)

000 -LEADER
fixed length control field 00358nam a22001337a 4500
008 - FIXED-LENGTH DATA ELEMENTS--GENERAL INFORMATION
fixed length control field 211227b ||||| |||| 00| 0 eng d
100 ## - MAIN ENTRY--PERSONAL NAME
Personal name Sharma, Vishnu
245 ## - TITLE STATEMENT
Title Digital India: Towards a connected nation
260 ## - PUBLICATION, DISTRIBUTION, ETC. (IMPRINT)
Place of publication, distribution, etc Kurukshetra
300 ## - PHYSICAL DESCRIPTION
Extent 69(9), Jul, 2021: p.31-36
773 ## - HOST ITEM ENTRY
Main entry heading Kurukshetra
906 ## - LOCAL DATA ELEMENT F, LDF (RLIN)
Subject DIP COMMUNICATION
942 ## - ADDED ENTRY ELEMENTS (KOHA)
Item type Articles
Holdings
Withdrawn status Lost status Source of classification or shelving scheme Damaged status Not for loan Permanent location Current location Date acquired Serial Enumeration / chronology Barcode Date last seen Koha item type
          Indian Institute of Public Administration Indian Institute of Public Administration 2021-12-27 69(9), Jul, 2021: p.31-36 AR125992 2021-12-27 Articles

Powered by Koha